Statistics for Top 10 Most Densely Populated U.S. States

Click here to take the quiz!

General Stats

  • This quiz has been taken 27 times
  • The average score is 9 of 10

Answer Stats

Rank #People Per Sq. MileState% Correct
7429New York
96%
8402Florida
92%
10289Ohio
92%
3901Massachusetts
88%
11263New Jersey
88%
5636Maryland
85%
4745Connecticut
81%
21061Rhode Island
81%
6508Delaware
77%
9291Pennsylvania
77%

Score Distribution

Percentile by Number Answered

Percent of People with Each Score

Your Score History

You have not taken this quiz